00514nam a2200157 a 4500001001000000005001700010245002300027260002800050300003700078500001800115500003200133500001500165500004300180500004100223506009200264BRCA_859520190320210336.010aCarpeta en blanco. a[s.l.]b[s.i.]cs.XVII? a1 vol. (sin paginación)c31 cm aFondo antiguo aSe encuentra en Caja Fuerte aLB-4/11-49 aCarpeta en blanco encuadernada en piel aEjemplar conservado en carpeta negra0 aFondo reservado: para su consulta es necesario credencial de usuario y carta de motivos